000 00615nam a2200229Ia 4500
003 OSt
005 20220918200714.0
006 a|||||r|||| 00| 0
007 ta
008 220917b |||||||| |||| 00| 0 eng d
024 _a89,926
037 _cTextual
040 _aARTS
_cARTS
_beng
041 _2eng
_aeng
082 _aU8:43:K1, G4
100 _aMoreland W H tr & ed
_995221
245 0 _aPeter Floris, his voyage to the East Indies in the globe, 1611-1615
260 _c1934
650 _aGEOGRAPHY
942 _hU8:43:K1, G4
_cTEXL
_2CC
999 _c213595
_d213595